Responses for Show #6273 - Wednesday, December 21, 2011

Jason Keller game 4.

Contestants

[<< previous game]

Janemarie Cloutier, a school librarian from Langhorne, Pennsylvania

Drew Tompkins, a legal software consultant originally from Montgomery, Alabama

Jason Keller, a tutor from Highland Park, New Jersey (whose 3-day cash winnings total $69,800)

[next game >>]

Jeopardy! Round responses

THE ECONOMY
STATE CAPITAL FUN FESTS
GIVE 'EM A "HAND"
HIGHEST-RATED TV SERIES OF THE SEASON
5 DEGREES
OF SEPARATION
    $200 22
inflation

Jason
    $200 1
Baton Rouge

Jason
    $200 7
handcuffs

Jason
    $200 6
60 Minutes

Drew
    $200 12
master of science

Janemarie
    $200 21
the Girl Scouts

Jason
    $400 23
(Jason: What's a rebate?)
(Drew: What is a benefit?)

subsidy

JasonDrew
Triple Stumper
    $400 2
Springfield

Janemarie
    $400 8
a handbasket

Jason
    $400 17
CSI

Jason
    $400 13
bachelor of philosophy

Janemarie
    $400 27
pelt

Drew
    $600 24
the debt ceiling

Jason
    $600 3
Sacramento

Jason
    $600 9
hand-eye coordination

Drew
    $600 18
Laugh-In

Janemarie
    $600 14
master of agriculture

Janemarie
    $600 28
Cuba

Jason
    $800 25
unemployment

Jason
    $1,000 4
Juneau

Jason
    $800 10
"all hands on deck"

Janemarie
    $800 19
(Jason: What is Bonanza?)
...
(Alex: [*], with James Arness, yes.)

Gunsmoke

JasonDrew
    $800 15
master of divinity

Jason
    $800 29
a centrifuge

Jason
    $1000 26
the gold standard

Jason
    $1000 5
Montpelier

Janemarie
    $1000 11
on the other hand

Jason
    $1000 20
All in the Family

Janemarie
    $1000 16
juris doctor

Jason
    $1000 30
Kashmir

Janemarie

Scores at the first commercial break (after clue 16):

Jason Drew Janemarie
$5,200 $800 $3,400

Scores at the end of the Jeopardy! Round:

Jason Drew Janemarie
$8,600 $1,600 $6,000

Double Jeopardy! Round responses

THE 21st
CLASSIC CINEMA
LITERARY CROSSWORD CLUES "T"
PHYSICAL SCIENCE
PETS IN HISTORY
(Alex: And you're gonna love this one in this season...)
ELF-HELP
    $400 22
Prohibition

Drew
    $400 21
Hamlet

Jason
    $400 6
Tender

Jason
    $400 1
magnetic

Jason
    $400 15
Josephine

Janemarie
    $400 11
Keebler

Janemarie
    $800 23
(Drew: What is Proverbs?)

Ecclesiastes

Drew
Triple Stumper
    $800 26
Rocky

Janemarie
    $800 7
Tess

Drew
    $800 2
(Alex: Yes, it's "[*]" backwards.)

Ohm

Jason
    $800 16
Caligula

Janemarie
    $800 12
Will Ferrell

Janemarie
    $1200 24
(Janemarie: What is alpha?)
...
(Alex: What is [*]? As in [*] Beta Kappa.)

phi

Janemarie
Triple Stumper
    $1200 27
Mrs. Miniver

Janemarie
    $1200 8
(Drew: Who is Thurber?)
...
(Alex: Yes, William Makepeace [*].)

Thackeray

JasonDrew
    $1200 3
(Drew: What is dynamite?)

nitric acid

JasonDrew
    $1200 17
(Winston) Churchill

Drew
    $4,000 13
shoes

Janemarie
    $1600 25
(Janemarie: Who is Parker?)
...
(Alex: A minute to go now, Drew.)

John D. MacDonald

Janemarie
Triple Stumper
    $5,000 28
The African Queen

Janemarie
    $1600 9
Tennyson

Jason
    $1600 4
atomic number

Jason
    $1600 18
Checkers

Janemarie
    $1600 14
Legolas

Jason
    $2000 29
[The end-of-round signal sounds.]
(Alex: [To Janemarie] ...you have just taken the lead away from Jason! Enjoy the moment.)

Navarone

Janemarie
    $2000 10
Tarkington

Drew
    $2000 5
[Applause for Jason's run of the category]
(Alex: Applause for running the category.)

reduction

Jason
    $2000 20
Tom Thumb

Drew
    $2000 19
the Misers

Drew

Scores at the end of the Double Jeopardy! Round:

Jason Drew Janemarie
$19,800 $6,800 $20,200

[wagering suggestions for these scores]

Final Jeopardy! Round responses

THE NFL
DrewWhat is ?
$0
JasonWhat is Seattle Seahawks?
$5,200
JanemarieWhat are Cl
$19,401
the Seattle Seahawks

Final scores:

Jason Drew Janemarie
$25,000 $6,800 $799
4-day champion: $94,800 2nd place: $2,000 3rd place: $1,000

Game dynamics:

Coryat scores:

Jason Drew Janemarie
$19,600 $6,800 $14,000
26 R
(including 1 DD),
2 W
10 R,
4 W
19 R
(including 2 DDs),
2 W

Combined Coryat: $40,400

[game clues] [game scores] [suggest correction]

Game tape date: 2011-10-26
The J! Archive is created by fans, for fans. Scraping, republication, monetization, and malicious use prohibited; this site may use cookies and collect identifying information. See terms. The Jeopardy! game show and all elements thereof, including but not limited to copyright and trademark thereto, are the property of Jeopardy Productions, Inc. and are protected under law. This website is not affiliated with, sponsored by, or operated by Jeopardy Productions, Inc. Join the discussion at JBoard.tv.